Sweden trivia - Statistics

General Stats
  • This quiz has been taken 23 times
  • The average score is 11 of 15
Answer Stats
Hint Answer % Correct
Big furniture store Ikea
100%
What language Swedish
90%
Two famous carbrand that starts with V Volvo
90%
Famous writer ____ Lindgren Astrid
85%
Famous music app Spotify
85%
Second biggest city Gothenbourg
80%
Biggest island Gotland
80%
Famous prize Nobel
80%
Famous football player Zlatan
80%
Famous singer ______ Larsson Zara
75%
What do they celebrate in the middle of summer Midsummer
70%
Famous tennis player Björn borg
65%
Biggest lake Vänern
60%
Biggest mountain Kebnekaise
50%
Famous game Minecraft
50%
No matching quizzes found
Score Distribution
Percent of People with Each Score
Percentile by Number Answered
Your Score History
You have not taken this quiz